000
00308nam a22001217a 4500
082
_a
RIB.5 678.061
_b
MAJ
100
_a
MAJUMDAR (Samir)
245
_a
Polymer adhesives chemistry
260
_a
Thailand
_b
Technobiz communications
_c
2018
300
_a
64p.
650
_a
Polymer adhesives chemistry
942
_c
BK
999
_c
74809
_d
74809